Nekonvenčná menová politika ECB a jej vplyv na ekonomiku eurozóny

Odhad vplyvu kvantitatívneho uvoľňovania na mieru inflácie v krajinách eurozóny. Vplyv kvantitatívneho uvoľňovania na makroekonomickej úrovni.

Salvato in:
Dettagli Bibliografici
Autore principale: Tupý, Radoslav
Natura: Capitolo di libro
Lingua:slovacco
Soggetti:
Tags: Aggiungi Tag
Nessun Tag, puoi essere il primo ad aggiungerne!!

MARC

LEADER 00000naa a2200000 4500
001 0257621
005 20221104110729.2
041 0 |a slo 
044 |a SK 
245 1 0 |a Nekonvenčná menová politika ECB a jej vplyv na ekonomiku eurozóny  |c Radoslav Tupý 
520 |a Odhad vplyvu kvantitatívneho uvoľňovania na mieru inflácie v krajinách eurozóny. Vplyv kvantitatívneho uvoľňovania na makroekonomickej úrovni. 
610 2 0 |a eurozóna 
610 2 0 |a Európska centrálna banka 
610 2 0 |a inflácia 
610 2 0 |a ukazovatele makroekonomické 
610 2 0 |a politika menová 
610 2 0 |a prostredie ekonomické 
610 2 0 |a kríza finančná 
100 1 |a Tupý, Radoslav